| 000 | 00529cam a22001337a 4500 | ||
|---|---|---|---|
| 008 | 180718b1966 xxu||||| |||| 00| 0 eng d | ||
| 082 | _aT23x5442 M279 | ||
| 245 |
_aReport on the study group on the industrial estates in Maharashtra _cby Maharashtra Economic Development Council, Bombay |
||
| 260 |
_aBombay _bIndian Printing Press _c1966 |
||
| 300 | _a31p. | ||
| 650 | _aIndutrial Districts - India - Maharashtra | ||
| 650 | _aIndustry - Location - India - Maharashtra | ||
| 700 | _aMaharashtra Economic Development Council, Bombay | ||
| 999 |
_c480424 _d480424 |
||